Investing in information for development

محفوظ في:
التفاصيل البيبلوغرافية
التنسيق: كتاب
اللغة:Undetermined
منشور في: FAO 2006
الموضوعات:
الوسوم: إضافة وسم
لا توجد وسوم, كن أول من يضع وسما على هذه التسجيلة!
Thư viện lưu trữ: Trung tâm Học liệu Trường Đại học Cần Thơ
LEADER 00414nam a2200157Ia 4500
001 CTU_122372
008 210402s9999 xx 000 0 und d
082 |a 630 
082 |b F218 
245 0 |a Investing in information for development 
245 0 |c FAO 
260 |b FAO 
260 |c 2006 
650 |a Agricultural,Nông nghiệp 
904 |i M.Loan 
980 |a Trung tâm Học liệu Trường Đại học Cần Thơ